000 00591nam a2200217 a 4500
005 20210219153053.0
008 991125n 000 0 u
035 _aUPN01000075939
100 1 _aLópez Dávila, René
222 _aCOMUNICACION EDUCATIVA SEP
245 _aEn busca de elevar la calidad de la educación
260 _aMéxico
300 _a8
362 0 _a1983 Año 1, no. 3, jul.
653 0 _aCALIDAD EDUCATIVA
653 0 _aCOLIMA, MEXICO
653 0 _aDESCENTRALIZACION EDUCATIVA
653 0 _aPOLITICA EDUCATIVA
904 _aAC
_b013750
905 _aArticulo
999 _c67684
_d67684